<?xml version="1.0" encoding="UTF-8"?>
<collection xmlns="http://www.loc.gov/MARC21/slim">
 <record>
  <leader>00790nam a2200229 a 4500</leader>
  <controlfield tag="001">TVCDKTCT596</controlfield>
  <controlfield tag="003">Thư viện trường Cao đẳng Kỹ thuật Cao Thắng</controlfield>
  <controlfield tag="005">20170530101821.8</controlfield>
  <controlfield tag="008">050803</controlfield>
  <datafield tag="980" ind1="\" ind2="\">
   <subfield code="a">Thư viện Trường CĐ Kỹ Thuật Cao Thắng</subfield>
  </datafield>
  <datafield tag="024" ind1=" " ind2=" ">
   <subfield code="a">RG_1 #1 eb0 i1</subfield>
  </datafield>
  <datafield tag="041" ind1="0" ind2="#">
   <subfield code="a">vie</subfield>
  </datafield>
  <datafield tag="082" ind1="#" ind2="#">
   <subfield code="a">620.191 / </subfield>
   <subfield code="b">PH104T-đ</subfield>
  </datafield>
  <datafield tag="100" ind1="1" ind2="#">
   <subfield code="a">Phan Văn Tường</subfield>
  </datafield>
  <datafield tag="245" ind1="0" ind2="0">
   <subfield code="a">Đất sét trong công nghiệp / </subfield>
   <subfield code="c">Phan Văn Tường</subfield>
  </datafield>
  <datafield tag="250" ind1="#" ind2="#">
   <subfield code="a">In lần thứ 1</subfield>
  </datafield>
  <datafield tag="260" ind1="#" ind2="#">
   <subfield code="a">H. : </subfield>
   <subfield code="b">Khoa học và kỹ thuật , </subfield>
   <subfield code="c">1980</subfield>
  </datafield>
  <datafield tag="300" ind1="#" ind2="#">
   <subfield code="a">143tr. ; </subfield>
   <subfield code="c">19cm</subfield>
  </datafield>
  <datafield tag="650" ind1="#" ind2="4">
   <subfield code="a">Công nhân cơ khí</subfield>
  </datafield>
  <datafield tag="650" ind1="#" ind2="4">
   <subfield code="a">Nhiên liệu</subfield>
  </datafield>
  <datafield tag="721" ind1="#" ind2="#">
   <subfield code="a">CNKT Cơ khí</subfield>
  </datafield>
  <datafield tag="841" ind1="#" ind2="#">
   <subfield code="b">Kho Sách </subfield>
   <subfield code="j">100001107, 100001108, 100001109, 100001110, 100001111</subfield>
  </datafield>
 </record>
</collection>
